Central Library OPAC University of Rajshahi

আধুনিক ভারত ও সাম্প্রদায়িকতাবাদ / (Record no. 65709)

MARC details
000 -LEADER
fixed length control field 00957nam a2200241 a 4500
001 - CONTROL NUMBER
control field 65709
003 - CONTROL NUMBER IDENTIFIER
rucl marc code BD-RjUL
005 - DATE AND TIME OF LATEST TRANSACTION
control field 20211209081444.0
008 - FIXED-LENGTH DATA ELEMENTS--GENERAL INFORMATION
fixed length control field 170309s1989 ii ||||| b||| 00| 0 ben d
020 ## - INTERNATIONAL STANDARD BOOK NUMBER
International Standard Book Number 8170740452
035 ## - SYSTEM CONTROL NUMBER
System control number (BD-RjUL)65839
040 ## - CATALOGING SOURCE
Original cataloging agency BD-RjUL
Language of cataloging ben
Transcribing agency BD-RjUL
041 ## - LANGUAGE CODE
Language code of text/sound track or separate title ben
082 ## - DEWEY DECIMAL CLASSIFICATION NUMBER
Edition number 23
Classification number 302.1454
Author mark and year BIA 1989
100 ## - MAIN ENTRY--PERSONAL NAME
Personal name চন্দ্র, বিপান
9 (RLIN) 194326
245 ## - TITLE STATEMENT
Title আধুনিক ভারত ও সাম্প্রদায়িকতাবাদ /
Statement of responsibility, etc. বিপান চন্দ্র
260 ## - PUBLICATION, DISTRIBUTION, ETC. (IMPRINT)
Place of publication, distribution, etc. কলকাতা :
Name of publisher, distributor, etc. কে পি বাগচী এন্ড কোম্পানী,
Date of publication, distribution, etc. ১৯৮৯.
300 ## - PHYSICAL DESCRIPTION
Pagination xi, ৩৯৩পৃ. ;
Size ২২ সেমি.
504 ## - BIBLIOGRAPHY, ETC. NOTE
Bibliography, etc গ্রন্থপঞ্জী সংযুক্ত ।
650 ## - SUBJECT ADDED ENTRY--TOPICAL TERM
Topical term or geographic name as entry element Communalism
Geographic subdivision India
9 (RLIN) 194327
Topical term or geographic name as entry element সাম্প্রদায়িকতা
Geographic subdivision ইন্ডিয়া
9 (RLIN) 194328
942 ## - ADDED ENTRY ELEMENTS (KOHA)
Source of classification or shelving scheme Dewey Decimal Classification
Koha item type Books
Holdings
Lost status Source of classification or shelving scheme Damaged status Not for loan Collection code Permanent Location Current Location Shelving location Date acquired Source of acquisition Cost, normal purchase price Total Checkouts Full call number Date last seen Copy number Koha item type
  Dewey Decimal Classification   Not For Loan Non-fiction Central Library, University of Rajshahi Central Library, University of Rajshahi Reading Room   Karim lnternational, Dhaka. 70.00   B 302.1454 BIA 1989 09/03/2017 C-1 Books
  Dewey Decimal Classification     Non-fiction Central Library, University of Rajshahi Central Library, University of Rajshahi   29/01/1997 Ankur Prakaskani, Dhaka 85.00   B 302.1454 BIA 1989 15/05/2017 C-2 Books